|
|
|
|
| LEADER |
01030nam a2200289 i 4500 |
| 001 |
c000138349 |
| 003 |
CARM |
| 005 |
00000000000000.0 |
| 008 |
750109c19751976njua b 00110 eng |
| 019 |
1 |
|
|a 379607
|5 LACONCORD2021
|
| 020 |
|
|
|a 0137115563 :
|c $18.50
|
| 035 |
|
|
|a (OCoLC)1176631
|5 LACONCORD2021
|
| 040 |
|
|
|d ICU
|
| 050 |
0 |
0 |
|a QA273
|b .B847
|
| 100 |
1 |
|
|a Bradley, James V.
|q (James Vandiver),
|d 1924-
|
| 245 |
1 |
0 |
|a Probability, decision, statistics /
|c James V. Bradley.
|
| 260 |
|
|
|a Englewood Cliffs, N.J. :
|b Prentice-Hall,
|c [1975] c1976.
|
| 300 |
|
|
|a xviii, 586 p. :
|b ill. ;
|c 24 cm.
|
| 500 |
|
|
|a Includes index.
|
| 504 |
|
|
|a Bibliography: p. 511-512.
|
| 650 |
|
0 |
|a Probabilities.
|
| 650 |
|
0 |
|a Statistical decision.
|
| 650 |
|
0 |
|a Mathematical statistics.
|
| 852 |
8 |
|
|b CARM
|h A2:AE25F0
|i C00180
|p 0010496
|f BK
|
| 082 |
0 |
4 |
|a 519
|
| 999 |
f |
f |
|i db4fc467-0265-52f3-ad4c-2bf636aa9813
|s 26f1c738-953a-5921-9b5d-a9216236bdfa
|
| 952 |
f |
f |
|p Can circulate
|a CAVAL
|b CAVAL
|c CAVAL
|d CARM 1 Store
|e C00180
|f A2:AE25F0
|h Other scheme
|i book
|m 0010496
|